| 000 | 00686nam a22001935i 4500 | ||
|---|---|---|---|
| 001 | 172311 | ||
| 003 | ES-MaACL | ||
| 005 | 20250902114316.0 | ||
| 008 | 090625s1992 cl |||| | spa d | ||
| 080 | _a342.56 | ||
| 100 | 1 |
_aRivacoba y Rivacoba, Manuel de. _997535 |
|
| 245 | 1 | 0 |
_aFondo ético y significación política de la independencia judicial / _cManuel de Rivacoba y Rivacoba. |
| 260 |
_aValparaiso : _bSociedad Chilena de Filosofía Jurídica y Social, _c[1992] |
||
| 300 |
_a30 p. ; _c21 cm. |
||
| 650 | 1 | 4 |
_aIndependencia judicial. _9140842 |
| 710 | 2 |
_aSociedad Chilena de Filosofía Jurídica y Social _96651 |
|
| 852 |
_aES-MaACL _j2251-F-18 |
||
| 999 |
_c172311 _d172311 |
||